RUGBY - Les clubs de nationale 2 - 24/25 - Statistiques

Statistiques générales
  • Ce quiz a été pris 30 fois
  • Le résultat moyen est 13 sur 23
Statistiques - réponses
Réponse % Correct
Stade Nantais
83%
Rugby Club Nimois
78%
Anglet Olympique
70%
Rugby Club Auch
70%
RC Aubenas Vals
65%
Servette Rugby Club de Geneve
65%
CS Vienne Rugby
61%
RC Orléans
61%
Rennes Etudiants Club
61%
Rugby Club Savoie Rumilly
61%
Union Sportive Marmandaise
61%
AS Maconnaise
57%
Cercle Amical Lannemezanais
57%
Niort Rugby Club
57%
Saint Jean de Luz OL
57%
Stade Metropolitain
57%
Avenir Sportif de Bedarrides Chateauneuf du Pape
52%
US Salles
52%
SC Graulhet
48%
Rugby Club D'Arcachon
43%
AS Fleurantine
39%
SA Mauleonais
39%
Avenir Valencien
35%
Aucun quiz correspondant
Distribution des résultats
% des personnes avec chaque résultat
Percentile par nombre de réponses
Votre historique - résultats
Vous n’avez pas pris ce quiz